000 00258nam a2200097Ia 4500
001 689068
005 20250826161627.0
008 250824s9999 xx 000 0 und d
245 0 _aPEMBE İNCİLİ KAFTAN
_cÖMER SEYFETTİN
260 _bKARATAY AKADEMİ YAYINLARI
999 _c689068
_d689068